000 00438cam a2200145 4500500
005 20251012032442.0
041 _afre
042 _adc
100 1 0 _aMotoret, Laurence
_eauthor
245 0 0 _aJoão Mário Grilo : Longe da vista.
260 _c1999.
500 _a83
786 0 _nSigila | 4 | 2 | 1999-12-20 | p. 195-196 | 1286-1715
856 4 1 _uhttps://shs.cairn.info/revue-sigila-1999-2-page-195?lang=fr&redirect-ssocas=7080
999 _c1547318
_d1547318